Beatles US #2-10 Hits - Statistics

General Stats
  • This quiz has been taken 12 times
  • The average score is 4 of 12
Answer Stats
Hint Answer % Correct
December 1995 Free As A Bird
56%
December 1965 Day Tripper
44%
March 1964 Do You Want To Know A Secret
44%
January 1964 Please Please Me
44%
March 1964 Twist and Shout
44%
November 1976 Got To Get You Into My Life
33%
March 1968 Lady Madonna
33%
March 1966 Nowhere Man
33%
February 1967 Strawberry Fields Forever
33%
June 1969 The Ballad Of John And Yoko
33%
August 1966 Yellow Submarine
33%
December 1964 She's A Woman
11%
No matching quizzes found
Score Distribution
Percent of People with Each Score
Percentile by Number Answered
Your Score History
You have not taken this quiz